00401nam a2200169Ia 4500003000400000005001700004008004000021020001800061040000700079041000800086082001500094100001500109245004400124250000600168260004400174300001300218OSt20250816091226.0210210b2012 xxu||||| |||| 00| 0 eng d a9788120346543 cAL aeng a428.2 GANP aGangal J K aPractical course in spoken english Ed 2 a2 aNew DelhibPHI Learning Pvt. Ltd.c2012 axx, 280p